Inuyasha : Truyện tranh. Tập 44 /

Kagome Higurashi bị một yêu quái rết chui ra từ giếng cạn trong nhà tấn công khiến cô rơi xuống giếng và trở về Nhật Bản 500 năm trước. Ở đây, cô gặp InuYasha, InuYasha là một bán yêu, anh có sức mạnh phi phàm cùng nhiều kỹ năng đặc biệt....

Disgrifiad llawn

Wedi'i Gadw mewn:
Manylion Llyfryddiaeth
Prif Awdur: Rumiko, Takahashi
Awduron Eraill: Tuyết Nhung (Dịch)
Fformat: Llyfr
Iaith:Vietnamese
Cyhoeddwyd: Tp. Hồ Chí Minh Trẻ 2011
Pynciau:
Tagiau: Ychwanegu Tag
Dim Tagiau, Byddwch y cyntaf i dagio'r cofnod hwn!
Thư viện lưu trữ: Thư viện Trường Đại học Nam Cần Thơ
LEADER 01377nam a22002057a 4500
001 NCT_4_006308
008 240327b xxu||||| |||| 00| 0 vie d
999 |c 8210  |d 8210 
020 |c 14000 
082 0 4 |2 23rd ed.  |a 895.63  |b R48/T.44 
100 1 |a Rumiko, Takahashi 
245 1 0 |a Inuyasha :  |b Truyện tranh.  |n Tập 44 /  |c Takahashi Rumiko ; Tuyết Nhung (Dịch). 
260 |a Tp. Hồ Chí Minh  |b Trẻ  |c 2011 
300 |a 186 tr.  |b Tranh vẽ  |c 18 cm 
520 3 |a Kagome Higurashi bị một yêu quái rết chui ra từ giếng cạn trong nhà tấn công khiến cô rơi xuống giếng và trở về Nhật Bản 500 năm trước. Ở đây, cô gặp InuYasha, InuYasha là một bán yêu, anh có sức mạnh phi phàm cùng nhiều kỹ năng đặc biệt. InuYasha và Kagome hợp tác để đi tìm các mảnh vỡ của ngọc Tứ Hồn. Và từ đó bắt đầu câu chuyện phiêu lưu cùng với tình bạn, tình yêu được gieo mầm,... 
653 |a Tham khảo 
700 0 |a Tuyết Nhung  |e Dịch 
942 |2 ddc  |c BK 
952 |0 0  |1 0  |2 ddc  |4 0  |6 895_630000000000000_R48_T_44  |7 0  |9 28758  |a 000001  |b 000001  |d 2024-03-27  |o 895.63 R48/T.44  |p TK.04008  |r 2024-03-27  |v 14000.00  |w 2024-03-27  |y BK 
980 |a Thư viện Trường Đại học Nam Cần Thơ